Where the world ends / (Record no. 2849)

MARC details
000 -LEADER
fixed length control field 01392cam a2200373 i 4500
001 - CONTROL NUMBER
control field 2849
003 - CONTROL NUMBER IDENTIFIER
control field FISKH
005 - DATE AND TIME OF LATEST TRANSACTION
control field 20240117142609.0
008 - FIXED-LENGTH DATA ELEMENTS--GENERAL INFORMATION
fixed length control field 190430t20192017nyuab d 000 1 eng
010 ## - LIBRARY OF CONGRESS CONTROL NUMBER
LC control number 2019019749
020 ## - INTERNATIONAL STANDARD BOOK NUMBER
International Standard Book Number 9781250225498
Qualifying information (hardcover)
020 ## - INTERNATIONAL STANDARD BOOK NUMBER
Canceled/invalid ISBN 9781250225511
Qualifying information (ebook)
040 ## - CATALOGING SOURCE
Original cataloging agency DLC
Language of cataloging eng
Transcribing agency DLC
Description conventions rda
Modifying agency DLC
042 ## - AUTHENTICATION CODE
Authentication code lcac
-- pcc
043 ## - GEOGRAPHIC AREA CODE
Geographic area code e-uk-st
050 00 - LIBRARY OF CONGRESS CALL NUMBER
Classification number PZ7.M4784133
Item number Wh 2019
082 00 - DEWEY DECIMAL CLASSIFICATION NUMBER
Classification number [Fic]
Edition number 23
100 1# - MAIN ENTRY--PERSONAL NAME
Personal name McCaughrean, Geraldine,
245 10 - TITLE STATEMENT
Title Where the world ends /
Statement of responsibility, etc. Geraldine McCaughrean
250 ## - EDITION STATEMENT
Edition statement This edition first published in 2018
260 ## - PUBLICATION, DISTRIBUTION, ETC.
Place of publication, distribution, etc. London :
Name of publisher, distributor, etc. Usborne
Date of publication, distribution, etc. 2017
300 ## - PHYSICAL DESCRIPTION
Extent 317 pages :
Other physical details illustrations, maps ;
Dimensions 20 cm
520 ## - SUMMARY, ETC.
Summary, etc. In the summer of 1727, Quill and his friends are put ashore on a remote sea stac to harvest birds for food, and only the end of the world can explain why no boat returns to collect them.
650 #1 - SUBJECT ADDED ENTRY--TOPICAL TERM
Topical term or geographic name entry element Islands
Form subdivision Fiction.
650 #1 - SUBJECT ADDED ENTRY--TOPICAL TERM
Topical term or geographic name entry element Hunting
Form subdivision Fiction.
650 #1 - SUBJECT ADDED ENTRY--TOPICAL TERM
Topical term or geographic name entry element Wilderness survival
Form subdivision Fiction.
650 #1 - SUBJECT ADDED ENTRY--TOPICAL TERM
Topical term or geographic name entry element Storytelling
Form subdivision Fiction.
650 #1 - SUBJECT ADDED ENTRY--TOPICAL TERM
Topical term or geographic name entry element Blessing and cursing
Form subdivision Fiction.
651 #0 - SUBJECT ADDED ENTRY--GEOGRAPHIC NAME
Geographic name Saint Kilda (Scotland)
General subdivision History
Chronological subdivision 18th century
Form subdivision Juvenile fiction.
651 #1 - SUBJECT ADDED ENTRY--GEOGRAPHIC NAME
Geographic name Saint Kilda (Scotland)
General subdivision History
Chronological subdivision 18th century
Form subdivision Fiction.
651 #1 - SUBJECT ADDED ENTRY--GEOGRAPHIC NAME
Geographic name Scotland
General subdivision History
Chronological subdivision 18th century
Form subdivision Fiction.
906 ## - LOCAL DATA ELEMENT F, LDF (RLIN)
a 7
b cbc
c orignew
d 1
e ecip
f 20
g y-gencatlg
942 ## - ADDED ENTRY ELEMENTS (KOHA)
Source of classification or shelving scheme Dewey Decimal Classification
Koha item type Books
Suppress in OPAC No
Holdings
Withdrawn status Lost status Source of classification or shelving scheme Damaged status Not for loan Collection Home library Current library Shelving location Date acquired Total Checkouts Full call number Barcode Date last seen Price effective from Koha item type
    Dewey Decimal Classification     Fiction Footprints International School Library Network Toul Kork Campus Footprints International School Library Network Toul Kork Campus   01/17/2024   MCC Fic PZ7.M4784133 FISSE03082 01/17/2024 01/17/2024 Books